[Event "European Women's Championship"]
[Site "Vysoke Tatry"]
[Date "2018.04.16"]
[Round "8"]
[White "Pogonina, Natalija"]
[Black "Shuvalova, Polina"]
[Result "0-1"]
[Board "10"]
[WhiteElo "2474"]
[WhiteTitle "WGM"]
[WhiteCountry "RUS"]
[WhiteFideId "4147855"]
[WhiteEloChange "-6"]
[BlackElo "2389"]
[BlackTitle "WIM"]
[BlackCountry "RUS"]
[BlackFideId "24171760"]
[BlackEloChange "12"]

1. d4 {[%clk 1:30:56]} Nf6 {[%clk 1:30:58]} 2. Nf3 {[%clk 1:31:20]} e6 {[%clk
1:31:22]} 3. Bg5 {[%clk 1:31:32]} c5 {[%clk 1:29:00]} 4. e3 {[%clk 1:31:38]} Qb6
{[%clk 1:28:07]} 5. Bxf6 {[%clk 1:30:26]} Qxb2 {[%clk 1:20:21]} 6. Nbd2 {[%clk
1:30:39]} gxf6 {[%clk 1:20:44]} 7. Be2 {[%clk 1:31:03]} cxd4 {[%clk 1:17:19]} 8.
Nxd4 {[%clk 1:21:47]} Be7 {[%clk 1:00:28]} 9. O-O {[%clk 1:04:51]} Qb6 {[%clk
0:58:05]} 10. Rb1 {[%clk 0:57:36]} Qd8 {[%clk 0:56:45]} 11. Bd3 {[%clk 0:54:03]}
Nc6 {[%clk 0:48:32]} 12. Qh5 {[%clk 0:50:09]} b6 {[%clk 0:43:40]} 13. Nxc6 {[%clk
0:33:38]} dxc6 {[%clk 0:43:53]} 14. Be4 {[%clk 0:34:03]} Bb7 {[%clk 0:37:50]} 15.
Nf3 {[%clk 0:34:16]} Qd6 {[%clk 0:31:29]} 16. Nd4 {[%clk 0:20:43]} Rc8 {[%clk
0:25:57]} 17. Qh6 {[%clk 0:19:18]} Qe5 {[%clk 0:24:28]} 18. Qg7 {[%clk 0:18:36]}
Rf8 {[%clk 0:24:07]} 19. Bf3 {[%clk 0:18:04]} Bd6 {[%clk 0:21:38]} 20. Qxh7
{[%clk 0:17:52]} f5 {[%clk 0:20:47]} 21. Qh4 {[%clk 0:03:10]} Rh8 {[%clk
0:21:11]} 22. Qf4 {[%clk 0:03:12]} Qc5 {[%clk 0:20:57]} 23. Nb3 {[%clk 0:03:16]}
Bxf4 {[%clk 0:20:54]} 24. Nxc5 {[%clk 0:03:41]} Bxh2+ {[%clk 0:21:21]} 25. Kh1
{[%clk 0:04:07]} Bd6+ {[%clk 0:21:47]} 0-1

[Event "European Women's Championship"]
[Site "Vysoke Tatry"]
[Date "2018.04.16"]
[Round "8"]
[White "Badelka, Olga"]
[Black "Cramling, Pia"]
[Result "1/2-1/2"]
[Board "11"]
[WhiteElo "2375"]
[WhiteTitle "WIM"]
[WhiteCountry "BLR"]
[WhiteFideId "13509926"]
[WhiteEloChange "3"]
[BlackElo "2472"]
[BlackTitle "GM"]
[BlackCountry "SWE"]
[BlackFideId "1700030"]
[BlackEloChange "-1"]

1. d4 {[%clk 1:30:57]} Nf6 {[%clk 1:30:53]} 2. c4 {[%clk 1:31:23]} e6 {[%clk
1:31:18]} 3. Nc3 {[%clk 1:31:50]} Bb4 {[%clk 1:31:42]} 4. Qc2 {[%clk 1:32:16]} d5
{[%clk 1:31:58]} 5. cxd5 {[%clk 1:32:30]} Qxd5 {[%clk 1:32:22]} 6. e3 {[%clk
1:32:47]} c5 {[%clk 1:32:31]} 7. Bd2 {[%clk 1:33:11]} Bxc3 {[%clk 1:32:46]} 8.
Bxc3 {[%clk 1:33:16]} cxd4 {[%clk 1:33:00]} 9. Bxd4 {[%clk 1:33:43]} Nc6 {[%clk
1:33:23]} 10. Bc3 {[%clk 1:34:10]} O-O {[%clk 1:33:38]} 11. Nf3 {[%clk 1:33:10]}
Rd8 {[%clk 1:33:34]} 12. Be2 {[%clk 1:31:16]} Qc5 {[%clk 1:33:35]} 13. Rc1 {[%clk
1:21:41]} Nd5 {[%clk 1:31:14]} 14. Bd2 {[%clk 1:21:35]} Qxc2 {[%clk 1:31:17]} 15.
Rxc2 {[%clk 1:22:01]} Bd7 {[%clk 1:27:15]} 16. a3 {[%clk 1:20:52]} f6 {[%clk
1:09:56]} 17. e4 {[%clk 1:13:26]} Nb6 {[%clk 1:06:42]} 18. O-O {[%clk 1:09:30]}
Be8 {[%clk 0:55:11]} 19. Re1 {[%clk 0:57:32]} Rac8 {[%clk 0:52:24]} 20. Kf1
{[%clk 0:54:16]} Bg6 {[%clk 0:28:49]} 21. Bb5 {[%clk 0:50:23]} Ne7 {[%clk
0:26:41]} 22. Rxc8 {[%clk 0:50:12]} Nexc8 {[%clk 0:27:02]} 23. Ba5 {[%clk
0:42:26]} Nd6 {[%clk 0:25:10]} 24. Bd3 {[%clk 0:42:18]} e5 {[%clk 0:25:04]} 25.
Nd2 {[%clk 0:40:33]} Rc8 {[%clk 0:21:23]} 26. b3 {[%clk 0:35:03]} Bf7 {[%clk
0:20:19]} 27. Bb4 {[%clk 0:32:41]} Ne8 {[%clk 0:20:15]} 28. a4 {[%clk 0:28:15]}
Rd8 {[%clk 0:19:51]} 29. Ke2 {[%clk 0:28:25]} Nc7 {[%clk 0:20:03]} 30. a5 {[%clk
0:27:27]} Ne6 {[%clk 0:19:07]} 31. g3 {[%clk 0:21:21]} Nd7 {[%clk 0:18:58]} 32.
Rc1 {[%clk 0:19:55]} b6 {[%clk 0:15:45]} 33. Ke3 {[%clk 0:15:45]} Nec5 {[%clk
0:13:19]} 34. Bb5 {[%clk 0:12:34]} Be6 {[%clk 0:10:47]} 35. f4 {[%clk 0:07:43]}
exf4+ {[%clk 0:08:15]} 36. gxf4 {[%clk 0:08:08]} f5 {[%clk 0:08:30]} 37. e5
{[%clk 0:06:05]} g5 {[%clk 0:06:44]} 38. Bxd7 {[%clk 0:02:56]} gxf4+ {[%clk
0:04:32]} 39. Kxf4 {[%clk 0:03:03]} Nd3+ {[%clk 0:03:28]} 40. Ke3 {[%clk
0:33:29]} Rxd7 {[%clk 0:33:39]} 41. Rg1+ {[%clk 0:33:08]} Kf7 {[%clk 0:33:34]}
42. Bd6 {[%clk 0:33:26]} Nc5 {[%clk 0:32:24]} 43. Nf3 {[%clk 0:20:05]} Bxb3
{[%clk 0:24:33]} 44. axb6 {[%clk 0:18:50]} axb6 {[%clk 0:25:00]} 45. Rb1 {[%clk
0:13:48]} Bd5 {[%clk 0:13:47]} 46. Ng5+ {[%clk 0:13:56]} Kg8 {[%clk 0:09:00]} 47.
Rxb6 {[%clk 0:11:53]} Ne6 {[%clk 0:08:44]} 48. Nxe6 {[%clk 0:11:52]} Bxe6 {[%clk
0:09:12]} 49. Rb8+ {[%clk 0:12:17]} Kg7 {[%clk 0:09:14]} 50. Re8 {[%clk 0:05:49]}
Bf7 {[%clk 0:08:45]} 51. Rb8 {[%clk 0:06:17]} 1/2-1/2

[Event "European Women's Championship"]
[Site "Vysoke Tatry"]
[Date "2018.04.16"]
[Round "8"]
[White "Javakhishvili, Lela"]
[Black "Gara, Anita"]
[Result "1-0"]
[Board "12"]
[WhiteElo "2467"]
[WhiteTitle "IM"]
[WhiteCountry "GEO"]
[WhiteFideId "13601458"]
[WhiteEloChange "4"]
[BlackElo "2369"]
[BlackTitle "IM"]
[BlackCountry "HUN"]
[BlackFideId "709751"]
[BlackEloChange "-7"]

1. c4 {[%clk 1:30:56]} d6 {[%clk 1:30:32]} 2. Nc3 {[%clk 1:31:14]} e5 {[%clk
1:28:03]} 3. Nf3 {[%clk 1:30:31]} Nf6 {[%clk 1:21:47]} 4. d4 {[%clk 1:30:28]}
Nbd7 {[%clk 1:21:56]} 5. e4 {[%clk 1:30:38]} g6 {[%clk 1:21:54]} 6. Be2 {[%clk
1:30:20]} Bg7 {[%clk 1:22:19]} 7. O-O {[%clk 1:30:27]} O-O {[%clk 1:22:43]} 8.
Re1 {[%clk 1:29:18]} Qe7 {[%clk 1:20:11]} 9. Bf1 {[%clk 1:25:52]} h6 {[%clk
1:15:06]} 10. Rb1 {[%clk 1:18:37]} c6 {[%clk 1:05:21]} 11. d5 {[%clk 1:14:42]} c5
{[%clk 1:02:52]} 12. a3 {[%clk 1:13:10]} Nh7 {[%clk 0:57:57]} 13. b4 {[%clk
1:08:57]} f5 {[%clk 0:57:14]} 14. Nb5 {[%clk 1:07:51]} fxe4 {[%clk 0:51:08]} 15.
Nd2 {[%clk 0:54:30]} Ng5 {[%clk 0:44:37]} 16. h4 {[%clk 0:46:04]} Nf7 {[%clk
0:34:59]} 17. Nc7 {[%clk 0:42:57]} Nf6 {[%clk 0:30:06]} 18. Nxa8 {[%clk 0:42:50]}
Bf5 {[%clk 0:29:50]} 19. Rb3 {[%clk 0:39:06]} Rxa8 {[%clk 0:28:59]} 20. g3 {[%clk
0:39:12]} g5 {[%clk 0:25:31]} 21. Bg2 {[%clk 0:38:49]} e3 {[%clk 0:23:38]} 22.
Rexe3 {[%clk 0:36:25]} gxh4 {[%clk 0:23:12]} 23. gxh4 {[%clk 0:35:09]} e4 {[%clk
0:20:19]} 24. Rg3 {[%clk 0:31:10]} Kh8 {[%clk 0:20:41]} 25. Bb2 {[%clk 0:31:05]}
cxb4 {[%clk 0:18:44]} 26. axb4 {[%clk 0:30:48]} Ne5 {[%clk 0:18:42]} 27. c5
{[%clk 0:27:15]} Rd8 {[%clk 0:16:23]} 28. Bxe5 {[%clk 0:18:59]} Qxe5 {[%clk
0:13:10]} 29. Nc4 {[%clk 0:19:24]} Qf4 {[%clk 0:13:12]} 30. Nxd6 {[%clk 0:19:40]}
Ng4 {[%clk 0:13:08]} 31. Nxf5 {[%clk 0:14:38]} Qxf2+ {[%clk 0:12:51]} 32. Kh1
{[%clk 0:15:03]} Qxg3 {[%clk 0:11:03]} 33. Rxg3 {[%clk 0:14:39]} Nf2+ {[%clk
0:11:31]} 34. Kg1 {[%clk 0:14:15]} Nxd1 {[%clk 0:11:59]} 35. Rxg7 {[%clk
0:13:10]} Rxd5 {[%clk 0:08:52]} 36. Rg8+ {[%clk 0:11:18]} Kh7 {[%clk 0:08:48]}
37. Bxe4 {[%clk 0:10:49]} Re5 {[%clk 0:08:26]} 38. Rg7+ {[%clk 0:11:03]} Kh8
{[%clk 0:08:53]} 39. Re7 {[%clk 0:11:27]} 1-0

[Event "European Women's Championship"]
[Site "Vysoke Tatry"]
[Date "2018.04.16"]
[Round "8"]
[White "Tsolakidou, Stavroula"]
[Black "Kovanova, Baira"]
[Result "1/2-1/2"]
[Board "13"]
[WhiteElo "2430"]
[WhiteTitle "WGM"]
[WhiteCountry "GRE"]
[WhiteFideId "4264312"]
[WhiteEloChange "-1"]
[BlackElo "2368"]
[BlackTitle "WGM"]
[BlackCountry "RUS"]
[BlackFideId "4164083"]
[BlackEloChange "2"]

1. d4 {[%clk 1:30:57]} Nf6 {[%clk 1:30:56]} 2. c4 {[%clk 1:31:22]} e6 {[%clk
1:31:20]} 3. g3 {[%clk 1:31:46]} c5 {[%clk 1:31:40]} 4. Nf3 {[%clk 1:32:07]} cxd4
{[%clk 1:31:47]} 5. Nxd4 {[%clk 1:32:31]} Qc7 {[%clk 1:31:51]} 6. Nd2 {[%clk
1:32:00]} a6 {[%clk 1:31:59]} 7. Bg2 {[%clk 1:32:08]} Nc6 {[%clk 1:31:56]} 8.
N2b3 {[%clk 1:31:12]} Nxd4 {[%clk 1:31:56]} 9. Nxd4 {[%clk 1:31:12]} Qa5+ {[%clk
1:27:40]} 10. Kf1 {[%clk 1:09:47]} Be7 {[%clk 1:20:45]} 11. Nb3 {[%clk 1:03:20]}
Qc7 {[%clk 1:18:41]} 12. c5 {[%clk 1:01:47]} O-O {[%clk 1:08:36]} 13. Bf4 {[%clk
0:42:29]} e5 {[%clk 1:05:46]} 14. Bg5 {[%clk 0:39:46]} a5 {[%clk 1:01:38]} 15.
Rc1 {[%clk 0:37:07]} Ra6 {[%clk 0:57:17]} 16. Nd2 {[%clk 0:33:12]} h6 {[%clk
0:47:45]} 17. Bxf6 {[%clk 0:32:10]} Rxf6 {[%clk 0:46:22]} 18. Bd5 {[%clk
0:26:43]} b6 {[%clk 0:41:22]} 19. Ne4 {[%clk 0:25:37]} Rg6 {[%clk 0:35:04]} 20.
cxb6 {[%clk 0:21:33]} Qxb6 {[%clk 0:33:54]} 21. Qb3 {[%clk 0:12:27]} Qa6 {[%clk
0:19:27]} 22. Qf3 {[%clk 0:11:41]} Kh8 {[%clk 0:17:26]} 23. Kg2 {[%clk 0:07:05]}
f5 {[%clk 0:15:20]} 24. Nc5 {[%clk 0:06:58]} e4 {[%clk 0:10:32]} 25. Qe3 {[%clk
0:01:49]} Qb5 {[%clk 0:10:49]} 26. Rc2 {[%clk 0:00:36]} a4 {[%clk 0:07:59]} 27.
Qd4 {[%clk 0:00:39]} Rd6 {[%clk 0:07:11]} 28. Qe5 {[%clk 0:00:39]} Rxd5 {[%clk
0:06:22]} 29. Qxe7 {[%clk 0:00:51]} Rg8 {[%clk 0:06:47]} 30. b3 {[%clk 0:00:40]}
axb3 {[%clk 0:05:57]} 1/2-1/2

[Event "European Women's Championship"]
[Site "Vysoke Tatry"]
[Date "2018.04.16"]
[Round "8"]
[White "Vega Gutierrez, Sabrina"]
[Black "Osmak, Iulija"]
[Result "0-1"]
[Board "14"]
[WhiteElo "2425"]
[WhiteTitle "IM"]
[WhiteCountry "ESP"]
[WhiteFideId "2219026"]
[WhiteEloChange "-6"]
[BlackElo "2361"]
[BlackTitle "IM"]
[BlackCountry "UKR"]
[BlackFideId "14101602"]
[BlackEloChange "12"]

1. e4 {[%clk 1:30:55]} e6 {[%clk 1:26:26]} 2. d4 {[%clk 1:31:13]} d5 {[%clk
1:26:44]} 3. Nc3 {[%clk 1:31:34]} Bb4 {[%clk 1:26:24]} 4. e5 {[%clk 1:31:48]} Ne7
{[%clk 1:26:46]} 5. a3 {[%clk 1:32:03]} Bxc3+ {[%clk 1:26:26]} 6. bxc3 {[%clk
1:32:25]} c5 {[%clk 1:26:44]} 7. Qg4 {[%clk 1:32:37]} Kf8 {[%clk 1:26:48]} 8. Nf3
{[%clk 1:23:20]} Qa5 {[%clk 1:22:16]} 9. Bd2 {[%clk 1:21:47]} Qa4 {[%clk
1:22:19]} 10. Bd3 {[%clk 1:17:37]} c4 {[%clk 1:06:51]} 11. Be2 {[%clk 1:17:27]}
Qxc2 {[%clk 1:07:13]} 12. O-O {[%clk 1:16:20]} Nbc6 {[%clk 1:00:57]} 13. Rfe1
{[%clk 1:12:36]} Na5 {[%clk 0:50:12]} 14. Rac1 {[%clk 0:54:56]} Qa4 {[%clk
0:39:59]} 15. Bg5 {[%clk 0:52:40]} Qe8 {[%clk 0:38:15]} 16. Bd1 {[%clk 0:43:52]}
h6 {[%clk 0:35:34]} 17. Qh3 {[%clk 0:40:38]} Bd7 {[%clk 0:33:07]} 18. Bc2 {[%clk
0:37:10]} Ba4 {[%clk 0:31:50]} 19. Bb1 {[%clk 0:37:35]} Qd7 {[%clk 0:29:45]} 20.
Nd2 {[%clk 0:19:52]} Ke8 {[%clk 0:24:59]} 21. Re3 {[%clk 0:10:35]} Ng6 {[%clk
0:21:35]} 22. Bxg6 {[%clk 0:05:50]} fxg6 {[%clk 0:22:01]} 23. Rg3 {[%clk
0:00:36]} Rf8 {[%clk 0:21:30]} 24. Be3 {[%clk 0:01:05]} g5 {[%clk 0:21:44]} 25.
Rf1 {[%clk 0:00:35]} Bc2 {[%clk 0:11:40]} 26. f4 {[%clk 0:01:03]} gxf4 {[%clk
0:08:59]} 27. Rxf4 {[%clk 0:01:31]} Rxf4 {[%clk 0:08:45]} 28. Bxf4 {[%clk
0:01:59]} Bf5 {[%clk 0:07:27]} 29. Qh4 {[%clk 0:01:51]} Qf7 {[%clk 0:06:46]} 30.
Bxh6 {[%clk 0:01:50]} gxh6 {[%clk 0:04:47]} 31. Qxh6 {[%clk 0:02:18]} Qf8 {[%clk
0:05:09]} 32. Rg7 {[%clk 0:02:30]} Nc6 {[%clk 0:04:39]} 33. g4 {[%clk 0:02:33]}
Bd3 {[%clk 0:02:54]} 34. Qxe6+ {[%clk 0:02:54]} Ne7 {[%clk 0:03:20]} 35. Qf6
{[%clk 0:00:32]} Rc8 {[%clk 0:02:54]} 36. h4 {[%clk 0:00:34]} Rc6 {[%clk
0:03:14]} 37. Qg5 {[%clk 0:00:31]} Rb6 {[%clk 0:01:50]} 38. h5 {[%clk 0:00:36]}
Rb1+ {[%clk 0:01:58]} 39. Kg2 {[%clk 0:00:41]} Be4+ {[%clk 0:01:18]} 40. Nxe4
{[%clk 0:31:02]} Qf1+ {[%clk 0:31:41]} 41. Kg3 {[%clk 0:29:02]} Qg1+ {[%clk
0:29:31]} 42. Kh3 {[%clk 0:27:26]} Qh1+ {[%clk 0:29:34]} 43. Kg3 {[%clk 0:27:54]}
Rg1+ {[%clk 0:29:36]} 0-1

[Event "European Women's Championship"]
[Site "Vysoke Tatry"]
[Date "2018.04.16"]
[Round "8"]
[White "Nechaeva, Marina"]
[Black "Osmanodja, Filiz"]
[Result "1-0"]
[Board "15"]
[WhiteElo "2413"]
[WhiteTitle "IM"]
[WhiteCountry "RUS"]
[WhiteFideId "4149351"]
[WhiteEloChange "3"]
[BlackElo "2300"]
[BlackTitle "WIM"]
[BlackCountry "GER"]
[BlackFideId "24633569"]
[BlackEloChange "-7"]

1. d4 {[%clk 1:30:57]} Nf6 {[%clk 1:30:41]} 2. c4 {[%clk 1:31:15]} e6 {[%clk
1:31:07]} 3. Nf3 {[%clk 1:31:40]} b6 {[%clk 1:31:27]} 4. g3 {[%clk 1:31:58]} Ba6
{[%clk 1:31:43]} 5. Qa4 {[%clk 1:32:21]} Bb7 {[%clk 1:26:03]} 6. Bg2 {[%clk
1:32:45]} c5 {[%clk 1:22:08]} 7. dxc5 {[%clk 1:33:11]} Bc6 {[%clk 1:09:21]} 8.
Qc2 {[%clk 1:18:10]} Bxc5 {[%clk 1:09:48]} 9. Nc3 {[%clk 1:17:27]} Qc8 {[%clk
1:00:26]} 10. O-O {[%clk 1:07:51]} Qb7 {[%clk 0:59:30]} 11. a3 {[%clk 0:54:15]}
a5 {[%clk 0:56:22]} 12. Bf4 {[%clk 0:50:53]} O-O {[%clk 0:48:55]} 13. Rad1 {[%clk
0:35:32]} Rc8 {[%clk 0:41:22]} 14. Qb1 {[%clk 0:35:38]} a4 {[%clk 0:37:57]} 15.
Be5 {[%clk 0:32:55]} h6 {[%clk 0:29:10]} 16. Bxf6 {[%clk 0:26:02]} gxf6 {[%clk
0:29:38]} 17. Nb5 {[%clk 0:22:37]} f5 {[%clk 0:15:55]} 18. Nd6 {[%clk 0:15:55]}
Bxd6 {[%clk 0:16:23]} 19. Rxd6 {[%clk 0:16:21]} Kg7 {[%clk 0:11:15]} 20. Qc1
{[%clk 0:15:08]} Ra5 {[%clk 0:10:33]} 21. Qc3+ {[%clk 0:06:40]} f6 {[%clk
0:10:47]} 22. Nh4 {[%clk 0:06:18]} Bxg2 {[%clk 0:07:27]} 23. Nxg2 {[%clk
0:06:44]} Rac5 {[%clk 0:05:38]} 24. Nf4 {[%clk 0:05:14]} Rf8 {[%clk 0:00:45]} 25.
Rfd1 {[%clk 0:03:58]} Rf7 {[%clk 0:00:49]} 26. Qb4 {[%clk 0:03:24]} Rc6 {[%clk
0:00:44]} 27. Qxa4 {[%clk 0:03:15]} e5 {[%clk 0:00:52]} 28. Ng2 {[%clk 0:00:56]}
Rxd6 {[%clk 0:00:52]} 29. Rxd6 {[%clk 0:01:22]} Qe4 {[%clk 0:00:49]} 30. Ne3
{[%clk 0:01:33]} f4 {[%clk 0:01:00]} 31. Qc2 {[%clk 0:01:19]} f5 {[%clk 0:00:40]}
32. Qxe4 {[%clk 0:01:21]} fxe4 {[%clk 0:01:07]} 33. Ng4 {[%clk 0:01:14]} f3
{[%clk 0:00:40]} 34. exf3 {[%clk 0:01:05]} exf3 {[%clk 0:00:42]} 35. Nxe5 {[%clk
0:01:16]} Rf5 {[%clk 0:00:59]} 36. Nxd7 {[%clk 0:01:24]} Nxd7 {[%clk 0:00:49]}
37. Rxd7+ {[%clk 0:01:50]} Kg8 {[%clk 0:00:52]} 38. Rd4 {[%clk 0:01:09]} Re5
{[%clk 0:01:04]} 39. Kf1 {[%clk 0:01:35]} Re2 {[%clk 0:01:14]} 40. Rd3 {[%clk
0:31:58]} Rxb2 {[%clk 0:31:36]} 41. Rxf3 {[%clk 0:32:24]} Rc2 {[%clk 0:31:23]}
42. Rf6 {[%clk 0:32:46]} 1-0

[Event "European Women's Championship"]
[Site "Vysoke Tatry"]
[Date "2018.04.16"]
[Round "8"]
[White "Ovod, Evgenija"]
[Black "Gaponenko, Inna"]
[Result "0-1"]
[Board "16"]
[WhiteElo "2366"]
[WhiteTitle "IM"]
[WhiteCountry "RUS"]
[WhiteFideId "4131827"]
[WhiteEloChange "-9"]
[BlackElo "2406"]
[BlackTitle "IM"]
[BlackCountry "UKR"]
[BlackFideId "14101181"]
[BlackEloChange "4"]

1. d4 {[%clk 1:30:57]} Nf6 {[%clk 1:30:54]} 2. Bg5 {[%clk 1:31:22]} d5 {[%clk
1:30:39]} 3. e3 {[%clk 1:31:45]} c5 {[%clk 1:30:39]} 4. Bxf6 {[%clk 1:31:58]}
gxf6 {[%clk 1:31:04]} 5. dxc5 {[%clk 1:32:20]} Nc6 {[%clk 1:30:37]} 6. c3 {[%clk
1:19:42]} e6 {[%clk 1:24:50]} 7. b4 {[%clk 1:20:06]} a5 {[%clk 1:25:09]} 8. Qb3
{[%clk 1:19:29]} f5 {[%clk 1:22:45]} 9. a3 {[%clk 1:06:33]} Qf6 {[%clk 0:46:01]}
10. Ra2 {[%clk 1:06:38]} f4 {[%clk 0:46:25]} 11. Nf3 {[%clk 0:52:45]} fxe3 {[%clk
0:27:28]} 12. Bb5 {[%clk 0:53:10]} Bh6 {[%clk 0:25:00]} 13. O-O {[%clk 0:53:34]}
O-O {[%clk 0:18:27]} 14. Re2 {[%clk 0:51:54]} exf2+ {[%clk 0:11:03]} 15. Rfxf2
{[%clk 0:52:19]} Ne7 {[%clk 0:08:16]} 16. Nbd2 {[%clk 0:43:59]} axb4 {[%clk
0:07:40]} 17. axb4 {[%clk 0:43:52]} Ra1+ {[%clk 0:05:40]} 18. Nf1 {[%clk
0:43:55]} Ng6 {[%clk 0:05:57]} 19. g3 {[%clk 0:29:54]} Qg7 {[%clk 0:03:47]} 20.
Kh1 {[%clk 0:30:14]} Rc1 {[%clk 0:03:23]} 21. Rc2 {[%clk 0:18:27]} Rxc2 {[%clk
0:03:49]} 22. Rxc2 {[%clk 0:18:52]} Ne5 {[%clk 0:03:25]} 23. Nxe5 {[%clk
0:13:30]} Qxe5 {[%clk 0:03:53]} 24. Re2 {[%clk 0:13:59]} Qf6 {[%clk 0:04:08]} 25.
Kg1 {[%clk 0:13:26]} Bg7 {[%clk 0:03:54]} 26. Re3 {[%clk 0:07:38]} d4 {[%clk
0:03:43]} 27. cxd4 {[%clk 0:08:02]} Qxd4 {[%clk 0:04:08]} 28. Kg2 {[%clk
0:08:26]} e5 {[%clk 0:02:04]} 29. Bc4 {[%clk 0:07:35]} Kh8 {[%clk 0:01:30]} 30.
Bxf7 {[%clk 0:05:52]} e4 {[%clk 0:01:17]} 31. Bc4 {[%clk 0:02:49]} Bg4 {[%clk
0:00:39]} 32. h3 {[%clk 0:02:09]} Bf3+ {[%clk 0:01:03]} 33. Kh2 {[%clk 0:02:35]}
Bh6 {[%clk 0:01:15]} 34. g4 {[%clk 0:00:55]} Bxe3 {[%clk 0:00:53]} 35. Nxe3
{[%clk 0:00:49]} Qd2+ {[%clk 0:01:19]} 36. Kg1 {[%clk 0:00:55]} Ra8 {[%clk
0:01:07]} 37. Bf1 {[%clk 0:00:51]} Ra2 {[%clk 0:01:19]} 38. Ng2 {[%clk 0:01:03]}
Bxg2 {[%clk 0:00:41]} 39. Qe6 {[%clk 0:00:41]} Qe3+ {[%clk 0:00:56]} 0-1

[Event "European Women's Championship"]
[Site "Vysoke Tatry"]
[Date "2018.04.16"]
[Round "8"]
[White "Szczepkowska, Karina"]
[Black "Babiy, Olga"]
[Result "1/2-1/2"]
[Board "17"]
[WhiteElo "2403"]
[WhiteTitle "IM"]
[WhiteCountry "POL"]
[WhiteFideId "1122681"]
[WhiteEloChange "-1"]
[BlackElo "2318"]
[BlackTitle "WGM"]
[BlackCountry "UKR"]
[BlackFideId "14117258"]
[BlackEloChange "2"]

1. d4 {[%clk 1:30:57]} d5 {[%clk 1:30:56]} 2. c4 {[%clk 1:30:57]} dxc4 {[%clk
1:31:20]} 3. Nf3 {[%clk 1:31:23]} Nf6 {[%clk 1:31:37]} 4. e3 {[%clk 1:30:21]} e6
{[%clk 1:31:50]} 5. Bxc4 {[%clk 1:29:49]} c5 {[%clk 1:31:46]} 6. O-O {[%clk
1:29:33]} a6 {[%clk 1:32:10]} 7. Bb3 {[%clk 1:28:14]} Be7 {[%clk 1:30:52]} 8.
dxc5 {[%clk 1:20:34]} Qxd1 {[%clk 1:30:04]} 9. Rxd1 {[%clk 1:20:56]} Bxc5 {[%clk
1:30:23]} 10. Nc3 {[%clk 1:19:09]} b5 {[%clk 1:27:07]} 11. Bd2 {[%clk 1:14:03]}
Bb7 {[%clk 1:26:40]} 12. Rac1 {[%clk 1:13:04]} Nbd7 {[%clk 1:25:32]} 13. Ne2
{[%clk 1:08:42]} O-O {[%clk 1:21:46]} 14. Ned4 {[%clk 0:59:50]} Bd5 {[%clk
0:50:50]} 15. Kf1 {[%clk 0:43:46]} Rfc8 {[%clk 0:48:03]} 16. Bxd5 {[%clk
0:38:31]} Nxd5 {[%clk 0:47:46]} 17. Nb3 {[%clk 0:38:42]} Bf8 {[%clk 0:45:00]} 18.
Rxc8 {[%clk 0:33:53]} Rxc8 {[%clk 0:45:25]} 19. Rc1 {[%clk 0:34:19]} Rxc1+ {[%clk
0:45:14]} 20. Nxc1 {[%clk 0:33:27]} Nc5 {[%clk 0:38:21]} 21. Ke2 {[%clk 0:30:57]}
f6 {[%clk 0:37:30]} 22. Nd3 {[%clk 0:28:20]} Kf7 {[%clk 0:29:12]} 23. Nxc5 {[%clk
0:23:40]} Bxc5 {[%clk 0:29:36]} 24. e4 {[%clk 0:23:28]} Nb6 {[%clk 0:26:04]} 25.
b3 {[%clk 0:23:35]} e5 {[%clk 0:24:14]} 26. Ne1 {[%clk 0:22:13]} 1/2-1/2

[Event "European Women's Championship"]
[Site "Vysoke Tatry"]
[Date "2018.04.16"]
[Round "8"]
[White "Tomilova, Elena"]
[Black "Arabidze, Meri"]
[Result "1/2-1/2"]
[Board "18"]
[WhiteElo "2326"]
[WhiteTitle "WIM"]
[WhiteCountry "RUS"]
[WhiteFideId "4162340"]
[WhiteEloChange "2"]
[BlackElo "2393"]
[BlackTitle "IM"]
[BlackCountry "GEO"]
[BlackFideId "13604040"]
[BlackEloChange "-2"]

1. d4 {[%clk 1:30:57]} d5 {[%clk 1:30:53]} 2. c4 {[%clk 1:31:20]} e6 {[%clk
1:31:18]} 3. Nc3 {[%clk 1:31:42]} Nf6 {[%clk 1:31:36]} 4. cxd5 {[%clk 1:32:00]}
exd5 {[%clk 1:31:59]} 5. Bg5 {[%clk 1:32:24]} c6 {[%clk 1:32:04]} 6. e3 {[%clk
1:32:44]} Be7 {[%clk 1:32:18]} 7. Bd3 {[%clk 1:33:00]} Nbd7 {[%clk 1:32:26]} 8.
Qc2 {[%clk 1:32:11]} Nf8 {[%clk 1:31:47]} 9. Nge2 {[%clk 1:32:21]} g6 {[%clk
1:29:27]} 10. f3 {[%clk 1:27:28]} Ne6 {[%clk 1:29:10]} 11. Bh4 {[%clk 1:27:49]}
O-O {[%clk 1:26:17]} 12. Rd1 {[%clk 1:21:43]} Re8 {[%clk 1:23:31]} 13. O-O {[%clk
1:21:52]} Nh5 {[%clk 1:16:26]} 14. Bf2 {[%clk 1:21:34]} b6 {[%clk 1:14:06]} 15.
e4 {[%clk 1:05:44]} Nef4 {[%clk 1:10:08]} 16. Nxf4 {[%clk 1:03:54]} Nxf4 {[%clk
1:10:31]} 17. exd5 {[%clk 0:58:28]} Nxd3 {[%clk 1:05:10]} 18. Qxd3 {[%clk
0:58:33]} cxd5 {[%clk 1:05:36]} 19. Rfe1 {[%clk 0:55:50]} Be6 {[%clk 1:03:06]}
20. Bg3 {[%clk 0:55:34]} Qd7 {[%clk 0:58:11]} 21. Re2 {[%clk 0:53:23]} Rac8
{[%clk 0:55:07]} 22. Qb5 {[%clk 0:46:22]} Qb7 {[%clk 0:50:42]} 23. a4 {[%clk
0:44:14]} a6 {[%clk 0:46:05]} 24. Qd3 {[%clk 0:41:27]} Rc4 {[%clk 0:40:37]} 25.
Qe3 {[%clk 0:37:16]} Qc6 {[%clk 0:30:06]} 26. h4 {[%clk 0:29:23]} h5 {[%clk
0:23:52]} 27. Qh6 {[%clk 0:19:17]} Bf8 {[%clk 0:20:28]} 28. Qg5 {[%clk 0:19:37]}
Be7 {[%clk 0:20:43]} 29. Qh6 {[%clk 0:19:51]} Bf8 {[%clk 0:19:39]} 30. Qg5 {[%clk
0:20:03]} Be7 {[%clk 0:19:08]} 1/2-1/2